000 01322nam a22003017a 4500
001 00531
003 DO-SdBNP
005 20170915133100.0
007 00531
008 160613b sp 19909788434522547||||| |||| 00| 0 spa d
020 _a9788434520547
040 _aBPMSU
_bspa
_cBPMSU
082 4 _aR 6169792
_bS587a
100 1 _aSilverman , S.
245 1 0 _aAtlas en color de las manifestaciones orales del sida /
_cSol Silverman Jr. ; traducción José M. Alcover González
260 _aBarcelona :
_bSalvat,
_c1990.
300 _aviii, 113 p. :
_bil., retrs,
_c28 cm.
500 _aIncluye índice alfabético de materias
505 _tLa naturaleza de la infección por VIH --
_tManifestaciones orales de la infección por VIH --
_tInfecciones micóticas: candidiasis --
_tInfecciones víricas --
_tInfecciones bacterianas --
_tProcesos malignos asociados al VIH --
_tOtras manifestaciones asociadas al VIH --
_tPresentación de casos --
_tÍndice alfabético de materias --
650 4 _aSIDA
_vATLAS
650 4 _aINFECCIONES POR VIH
_vATLAS
650 4 _aMANIFESTACIONES ORALES DE ENFERMEDADES GENERALES
_vATLAS
700 1 2 _aAlcover González, José Mª.,
_etr.
910 _aValidado. Control de calidad MFF
942 _2ddc
_cBK
945 _aInventariado / 2017 VM
956 _aBTAVÄREZ
_b10
_c13062016
_d00531
999 _c10375
_d10375